[Event "8th Teplice Open 2013"]
[Site "Teplice CZE"]
[Date "2013.06.16"]
[Round "2.62"]
[White "Klakurka,S"]
[Black "Ruzicka,V1"]
[Result "1-0"]
[WhiteElo "1936"]
[BlackElo "1688"]

1.d4 Nf6 2.c4 e6 3.Nf3 Bb4+ 4.Nbd2 b6 5.a3 Bxd2+ 6.Nxd2 Bb7 7.f3 O-O 8.e4 d6
9.Be2 e5 10.d5 Nh5 11.O-O Nf4 12.Nb3 Nxe2+ 13.Qxe2 Bc8 14.Be3 f5 15.exf5 Bxf5
16.Nd2 Nd7 17.Rfc1 Nc5 18.Bxc5 bxc5 19.b4 cxb4 20.axb4 Qb8 21.b5 Qb6+ 22.Qf2 g5
23.Ra6 Qxf2+ 24.Kxf2 e4 25.Re1 exf3 26.gxf3 Rf7 27.Kg3 h5 28.Re3 h4+ 29.Kg2 Kg7
30.h3 Kf6 31.Nb3 Bc8 32.Ra1 Re7 33.Rxe7 Kxe7 34.Nd4 Kf7 35.f4 g4 36.hxg4 Bxg4
37.Nf3 h3+ 38.Kg3 Bxf3 39.Kxf3 Rh8 40.Kg3 Kf6 41.Kh2 Kf5 42.Rxa7 Rc8 43.Ra6 Kxf4
44.Rc6 Ke5 45.b6 Rb8 46.bxc7 Rc8 47.Kxh3 Kf4 48.Kg2 Kf5 49.Kf3 Kf6 50.Rxd6+ Ke7
51.Rh6 Rf8+ 52.Ke4 Rc8 53.Ke5  1-0

[Event "7th Varna Open 2013"]
[Site "Varna BUL"]
[Date "2013.06.19"]
[Round "1.25"]
[White "Mitev,Valentin"]
[Black "Panbukchian,V"]
[Result "0-1"]
[WhiteElo "1514"]
[BlackElo "2331"]

1.d4 Nf6 2.c4 e6 3.Nf3 Bb4+ 4.Nbd2 O-O 5.e3 b6 6.Bd3 Bb7 7.O-O d5 8.a3 Bd6
9.Qc2 Nbd7 10.e4 dxe4 11.Nxe4 Nxe4 12.Bxe4 Bxe4 13.Qxe4 c5 14.Bg5 Qc7 15.Rfd1 Rfe8
16.d5 Nf8 17.Bh4 Rac8 18.Bg3 e5 19.Re1 f6 20.Nd2 Qd7 21.a4 f5 22.Qe2 Ng6
23.f3 h5 24.a5 h4 25.Bf2 Nf4 26.Qf1 h3 27.gxh3 Kf7 28.Bg3 Ng6 29.Qg2 Rh8
30.Kh1 Rh6 31.Rg1 Rch8 32.h4 Bf8 33.Nf1 b5 34.b3 b4 35.Re1 Qd6 36.Qh3 Rh5
37.Re2 Qf6 38.Ne3 Bd6 39.Rf1 Kg8 40.Ng2 Nf8 41.Ne3 Qg6 42.Rg1 Qf7 43.Ng2 Nd7
44.Bf2 Kf8 45.Ne3 g6 46.Qg2 R8h6 47.Nf1 Qf6 48.Be3 f4 49.Bf2 Qf5 50.Qg4 Nf6
51.Qxf5 gxf5 52.Rg5 Kf7 53.Nd2 Nh7 54.Rxh5 Rxh5 55.Re1 Nf6 56.h3 Rh8 57.Kg2 Re8
58.Kf1 e4 59.Bg1 e3 60.Nb1 a6 61.Re2 Nd7 62.Bh2 Rh8 63.Kg2 Rxh4 64.Rc2 Ne5
65.Re2 Kf6 66.Bg1 Rh8 67.Bh2 Ng6 68.Rxe3 fxe3 69.Bxd6 Re8 70.Kf1 e2+ 71.Ke1 Nh4  0-1

[Event "72nd ch-GEO 2013"]
[Site "Tbilisi GEO"]
[Date "2013.06.21"]
[Round "9.5"]
[White "Maghalashvili,Da"]
[Black "Paichadze,L"]
[Result "0-1"]
[WhiteElo "2521"]
[BlackElo "2516"]

1.d4 Nf6 2.c4 e6 3.Nf3 Bb4+ 4.Nbd2 b6 5.a3 Bxd2+ 6.Qxd2 Bb7 7.e3 O-O 8.Be2 d6
9.O-O Nbd7 10.b4 Ne4 11.Qc2 f5 12.Bb2 Rf6 13.d5 Rh6 14.dxe6 Rxe6 15.Nd4 Rg6
16.f4 Qf8 17.Bf3 a6 18.Rad1 c5 19.Ne2 Re6 20.Ng3 Rae8 21.Rfe1 Bc6 22.Ba1 Nb8
23.Bxe4 Bxe4 24.Nxe4 Rxe4 25.Qc3 R8e6 26.bxc5 bxc5 27.Rb1 Nd7 28.Rb7 Nf6
29.Qd2 h6 30.Ra7 Qb8 31.Rxa6 Rxe3 32.Rf1 Re2 33.Qa5 Qb7  0-1

[Event "V4 Liptov IM 2013"]
[Site "Liptovsky Mikulas SVK"]
[Date "2013.06.23"]
[Round "5.5"]
[White "Mikrut,D"]
[Black "Mazur,Ste"]
[Result "0-1"]
[WhiteElo "2358"]
[BlackElo "2387"]

1.d4 Nf6 2.c4 e6 3.Nf3 Bb4+ 4.Nbd2 b6 5.a3 Bxd2+ 6.Qxd2 O-O 7.e3 Bb7 8.Be2 d6
9.b4 Nbd7 10.Bb2 Qe7 11.O-O Ne4 12.Qc2 a5 13.Rfd1 f5 14.d5 e5 15.Ne1 Qh4
16.Bd3 Rf6 17.f4 Rh6 18.Nf3 Qh5 19.fxe5 Ng5 20.Bxf5 Nxe5 21.Bxe5 dxe5 22.Be4 Rf8
23.Rd2 Bc8 24.Rf1 Qg4 25.Nxg5 Rxf1+ 26.Kxf1 Qxg5 27.h3 Qxe3 28.Rf2 Rh4 29.Bf3 Rf4
30.bxa5 Ba6 31.Re2 Qc5 32.Re4 Rxe4 33.Qxe4 Qxc4+ 34.Kf2 Qxe4 35.Bxe4 bxa5
36.Ke3 g6 37.h4 Kg7 38.g4 h6 39.g5 hxg5 40.hxg5 Bc8 41.Kd2 Bf5 42.Bg2 Kf7
43.Kc3 Ke7 44.Kc4 Kd6 45.Bh1 Bb1 46.Kb5 e4 47.Kxa5 e3 48.Bf3 Bd3  0-1

[Event "7th Varna Open 2013"]
[Site "Varna BUL"]
[Date "2013.06.23"]
[Round "5.7"]
[White "Swapnil,SD"]
[Black "Ivelinov,H"]
[Result "1-0"]
[WhiteElo "2469"]
[BlackElo "2180"]

1.d4 Nf6 2.c4 e6 3.Nf3 Bb4+ 4.Nbd2 d5 5.a3 Be7 6.e3 O-O 7.Bd3 b6 8.O-O Nbd7
9.b3 Bb7 10.Bb2 c5 11.Qe2 cxd4 12.exd4 Re8 13.Rad1 dxc4 14.bxc4 Qc7 15.Rfe1 Rad8
16.h3 Bf8 17.Qe3 g6 18.Bf1 Bg7 19.Rc1 Nh5 20.Rc2 Bc6 21.Ne5 Ba4 22.Rcc1 Nhf6
23.f4 Bh6 24.Qf2 Nh5 25.g3 f6 26.Ng4 Bf8 27.c5 Bc6 28.Bc4 Nxc5 29.Kh2 Qd7
30.Re2 Na4 31.Ba1 Bd5 32.Ne4 Qg7 33.Bb5 Bxa3 34.Rb1 f5 35.Bxa4 Rf8 36.Ng5 fxg4
37.Nxe6 Bxe6 38.Rxe6 Rxf4 39.Qa2 Rf7 40.Qxa3 Rf2+ 41.Kg1 Qf7 42.Bb3 Kh8 43.d5+ Kg8
44.d6 Rf3 45.Re3  1-0

[Event "Gold Coast Open 2013"]
[Site "Gold Coast AUS"]
[Date "2013.06.24"]
[Round "5"]
[White "Vucak,Mark"]
[Black "Hughes,Ha"]
[Result "1-0"]
[WhiteElo "1812"]
[BlackElo "1523"]

1.d4 Nf6 2.c4 e6 3.Nf3 Bb4+ 4.Nbd2 b6 5.a3 Be7 6.e4 d5 7.e5 Nfd7 8.cxd5 exd5
9.b4 Bb7 10.Bd3 h6 11.O-O O-O 12.Bb2 Re8 13.b5 c5 14.bxc6 Nxc6 15.Rc1 a6
16.Re1 Nf8 17.Rc3 Ne6 18.Nb3 b5 19.Bb1 Bf8 20.Qc2 g6 21.Rxc6 Bxc6 22.Qxc6 b4
23.a4 a5 24.Rc1 Nf4 25.Re1 Rc8 26.Qb5 Rb8 27.Qxa5 Qd7 28.Bc1 Nxg2 29.Kxg2 Qg4+
30.Kf1 Qxf3 31.Nd2 Qh1+ 32.Ke2 Qxh2 33.Qxd5 Red8 34.Qe4  1-0

[Event "TCh-MNE Prem 2013"]
[Site "Cetinje MNE"]
[Date "2013.06.25"]
[Round "2.1"]
[White "Nikcevic,N"]
[Black "Bogosavljevic,B"]
[Result "0-1"]
[WhiteElo "2458"]
[BlackElo "2548"]

1.d4 Nf6 2.Nf3 e6 3.c4 Bb4+ 4.Nbd2 b6 5.e3 Bb7 6.Bd3 O-O 7.O-O d5 8.a3 Be7
9.cxd5 exd5 10.b4 Nbd7 11.Bb2 Bd6 12.b5 Qe7 13.a4 a6 14.Qb3 axb5 15.axb5 Ne4
16.Rfc1 Ndf6 17.Nf1 Ng4 18.Rc2 Rxa1 19.Bxa1 Ra8 20.Bb2 Ng5 21.Ne1 Nf6 22.Be2 h5
23.Nf3 Nxf3+ 24.Bxf3 h4 25.h3 Ra5 26.Nd2 Ne4 27.Nb1 Qd7 28.Be2 Qf5 29.Bd3 Qg5
30.Nc3 Nf6 31.Bc1 Bc8 32.Kf1 Be6 33.Ra2 Ne4 34.Rxa5 bxa5 35.b6 cxb6 36.Qxb6 Bb4
37.Qb8+ Kh7 38.Nxe4 dxe4 39.Bxe4+ f5 40.Bc2 Bc4+ 41.Kg1 Bd5 42.g4 hxg3 43.Qxg3 Qf6
44.e4 Bxe4 45.Bxe4 fxe4 46.Bf4 Qg6 47.d5 Qxg3+ 48.fxg3 Kg6 49.Kf2 a4 50.Be5 Bc5+
51.Ke2 a3 52.d6 Kf7 53.d7 Ke7 54.Bxg7 Kxd7 55.h4 Ke6 56.h5 Be7  0-1

[Event "Mukachevo Summer"]
[Site "Mukachevo UKR"]
[Date "2013.06.27"]
[Round "5.4"]
[White "Zubov,A UKR"]
[Black "Voitovich,V"]
[Result "1-0"]
[WhiteElo "2591"]
[BlackElo "2316"]

1.d4 Nf6 2.c4 e6 3.Nf3 Bb4+ 4.Nbd2 d5 5.Qa4+ Nc6 6.a3 Be7 7.e3 O-O 8.Qc2 dxc4
9.Nxc4 b6 10.Bd3 Bb7 11.O-O g6 12.Rd1 Rc8 13.Bd2 Nb8 14.b4 Nbd7 15.e4 c6
16.Bh6 Re8 17.Bf4 Nh5 18.Bd6 Ba6 19.Bf1 Bxc4 20.Bxe7 Qxe7 21.Bxc4 Nhf6 22.Rac1 Rc7
23.Ba6 Nb8 24.Be2 Rec8 25.Bc4 Ne8 26.h4 Nd6 27.h5 Nxc4 28.Qxc4 Nd7 29.d5 exd5
30.exd5 cxd5 31.Qxc7 Rxc7 32.Rxc7 Qd6 33.Rxa7 Ne5 34.Nxe5 Qxe5 35.h6 Kf8
36.Rc1 Qe6 37.Rcc7 Qe1+ 38.Kh2 Qe5+ 39.g3 Qh5+ 40.Kg2 Qxh6 41.Rxf7+ Kg8 42.Rg7+ Qxg7
43.Rxg7+ Kxg7 44.a4 Kg8  1-0

[Event "TCh-MNE Prem 2013"]
[Site "Cetinje MNE"]
[Date "2013.06.30"]
[Round "7.1"]
[White "Bogosavljevic,B"]
[Black "Lajthajm,B"]
[Result "1/2-1/2"]
[WhiteElo "2548"]
[BlackElo "2478"]

1.d4 Nf6 2.Nf3 e6 3.c4 Bb4+ 4.Nbd2 a5 5.Qc2 b6 6.e4 Bb7 7.Bd3 d6 8.O-O Bxd2
9.Bxd2 Nc6 10.a3 e5 11.d5 Ne7 12.b4 axb4 13.axb4 Nd7 14.Rxa8 Qxa8 15.Bc3 O-O
16.Nd2 c6 17.f3 Qb8 18.Nb3 Rc8 19.Ra1 h6 20.Qb2 b5 21.dxc6 Bxc6 22.c5 Ng6
23.Bf1 dxc5 24.Nxc5 Nb6 25.Ra6 Be8 26.Qa1 Na4 27.Be1 Nf4 28.Bf2 Rd8 29.g3 Nxc5
30.bxc5 Ne6 31.c6 Ng5 32.Qa5 Qc8 33.Be2 Nh3+ 34.Kg2 Nxf2 35.Kxf2 Rd6 36.Qxb5 Rxc6
37.Rxc6 Qxc6 38.Qxe5 Qb6+ 39.Kg2 Bd7 40.Qd5 Qb2 41.Qd3 Be6 42.Kf2 Qb6+ 43.Kg2 Qb2
44.h3 g5 45.f4 gxf4 46.gxf4 f6 47.Qa6 Bf7 48.Qc8+ Kg7 49.Qg4+ Kf8 50.Kg3 Qc3+
51.Kg2 Qd2 52.Kg3 Qd4 53.Kg2 Qe3 54.Bf3 Qd2+ 55.Kh1 Qe1+ 56.Kh2 Qf2+ 57.Bg2 Qc5
58.Qg3 Qd4 59.Qh4 Kg7 60.Qg4+ Kf8 61.Qf5 Kg7 62.Qg4+ Kf8 63.Qc8+ Kg7 64.Qg4+ Kf8
65.Qf5 Kg7 66.Qg4+  1/2-1/2

[Event "IsBank TCh-TUR 2013"]
[Site "Denizli TUR"]
[Date "2013.06.30"]
[Round "2.1"]
[White "Mirzoev,A"]
[Black "Miroshnichenko,E"]
[Result "1/2-1/2"]
[WhiteElo "2536"]
[BlackElo "2620"]

1.d4 Nf6 2.Nf3 e6 3.c4 Bb4+ 4.Nbd2 O-O 5.a3 Be7 6.e3 b6 7.Bd3 Bb7 8.O-O c5
9.b3 d6 10.Bb2 Nbd7 11.a4 a5 12.Qe2 Re8 13.Rfd1 Qc7 14.Nb1 cxd4 15.Nxd4 Nc5
16.Bc2 Rad8 17.Na3 Qb8 18.Rac1 g6 19.h3 Ba8 20.Nab5 Rd7 21.Nf3 Qd8 22.Ne1 Nfe4
23.Nd3 Nxd3 24.Bxd3 Nc5 25.Bc2 Bf8 26.Rd2 Qe7 27.Rcd1 Red8 28.Ba3 d5 29.cxd5 Rxd5
30.Rxd5 Rxd5 31.Rxd5 Bxd5 32.Nc3 Bc6 33.Ne4 Qd8 34.Nxc5 Bxc5 35.Bb2 Qg5 36.Qg4 Qd5
37.Qg3 f5 38.Qb8+ Kf7 39.Qc7+ Be7 40.e4 Qc5 41.Bd3 Bxe4 42.Qxc5 Bxc5 43.Bxe4 fxe4
44.Kf1 Ke7 45.Ke2 Kd6 46.Bc3 Kd5 47.Bb2 Bd4 48.Ba3 Kc6 49.Bc1 Kc5 50.Ba3+ Kd5
51.Bc1 Bc3 52.Ba3 Kd4 53.Bc1 Kc5 54.Ba3+ Bb4 55.Bb2 Kd5 56.Bc1 Be7 57.Bb2 Bg5
58.Ba3 Bf4 59.Bb2 Kc6 60.Ba3 b5 61.axb5+ Kxb5 62.Be7 Kb6 63.Bd8+ Ka6 64.Be7 Kb5
65.Ba3 Bg5 66.Bd6 Bd8 67.Bf8 Bb6 68.Ba3 Bd4 69.Be7 Bc5 70.Bg5 Bb6 71.Bd2 Kc6
72.Bc3 Kd5 73.Bd2 Ke5 74.Bc3+ Kf5 75.Bd2 h5 76.Bc3 g5 77.Bd2 g4 78.hxg4+ hxg4
79.Bc3 Kf4 80.Bd2+ Ke5 81.Bc3+ Kd5 82.Bd2 Bd8 83.Bc3 Bb6 84.Bd2 Kc6 85.Bc3 Kb5
86.Bd2 Bc5 87.Bc3 Bb4 88.Bb2 Kc6 89.Bc1 Kd5 90.Bb2 Bc5  1/2-1/2

[Event "8th Vladimir Dvorkovich Cup"]
[Site "Moscow RUS"]
[Date "2013.07.01"]
[Round "6.6"]
[White "Jarmula,L"]
[Black "Kumsiashvili,N"]
[Result "1/2-1/2"]
[WhiteElo "2261"]
[BlackElo "2142"]

1.d4 Nf6 2.c4 e6 3.Nf3 Bb4+ 4.Nbd2 b6 5.a3 Bxd2+ 6.Qxd2 Bb7 7.e3 a5 8.b3 O-O
9.Be2 d6 10.O-O Nbd7 11.Bb2 Ne4 12.Qc2 f5 13.d5 e5 14.b4 Qf6 15.Nd2 Qg6 16.Nxe4 fxe4
17.f3 Nf6 18.fxe4 Qxe4 19.Qxe4 Nxe4 20.Rxf8+ Kxf8 21.Bd3 Nf6 22.e4 axb4 23.axb4 Rxa1+
24.Bxa1 c5 25.bxc5 bxc5 26.Bc3 Bc8 27.Bd2 Bd7 28.Bc2 Be8 29.Bg5 Bg6 30.Bxf6 gxf6
31.Kf2 Ke7 32.Kf3 Be8 33.Kg4 h6 34.Bd1 Bg6 35.Bc2 Kd8 36.h4 Kc7 37.h5 Bh7
38.Kf3 Kb6 39.Ba4 Ka5 40.Bb5 Kb4 41.g4 Kc3 42.Ke3 Bg8 43.Ba6 Bf7 44.Bb5  1/2-1/2

[Event "11th Niki Open 2013"]
[Site "Nachod CZE"]
[Date "2013.07.01"]
[Round "3.21"]
[White "Vlckova,Katerina"]
[Black "Horak,Ales"]
[Result "1/2-1/2"]
[WhiteElo "1839"]
[BlackElo "1977"]

1.d4 Nf6 2.c4 e6 3.Nf3 Bb4+ 4.Nbd2 b6 5.a3 Bxd2+ 6.Bxd2 O-O 7.Qc2 Bb7 8.e3 d6
9.Bd3 Nbd7 10.O-O c5 11.Bc3 h6 12.Nd2 Rc8 13.Rfd1 Qe7 14.b4 Rfd8 15.dxc5 bxc5
16.b5 d5 17.a4 Nb6 18.a5 dxc4 19.Nxc4 Nxc4 20.Bxc4 Nd5 21.Be5 Qg5 22.Bg3 h5
23.h4 Nxe3 24.Qe2 Qg4 25.Rxd8+ Rxd8 26.Qxe3 Qxc4 27.Qg5 Rd7 28.Be5 Qg4 29.Qxg4 hxg4  1/2-1/2

[Event "IsBank TCh-TUR 2013"]
[Site "Denizli TUR"]
[Date "2013.07.02"]
[Round "4.1"]
[White "Nyzhnyk,I"]
[Black "Miroshnichenko,E"]
[Result "1/2-1/2"]
[WhiteElo "2607"]
[BlackElo "2620"]

1.d4 Nf6 2.c4 e6 3.Nf3 Bb4+ 4.Nbd2 O-O 5.a3 Be7 6.g3 b6 7.Bg2 Bb7 8.b4 c5
9.bxc5 bxc5 10.e3 cxd4 11.exd4 Nc6 12.O-O Na5 13.Re1 Rc8 14.Bf1 Ba6 15.Qa4 Qc7
16.Ra2 Bxc4 17.Nxc4 Nxc4 18.Rc2 Qb7 19.Rxc4 Qxf3 20.Rxc8 Rxc8 21.Qxa7 Ng4
22.Be3 Nxe3 23.Rxe3 Qd5 24.Re5 Qd6 25.Rc5 Rd8 26.Rc7 Qxa3 27.Rxd7 Qxa7 28.Rxa7 Bf6
29.Bb5 Kf8 30.Rd7 Rb8 31.Bc6 Rd8 32.Rxd8+ Bxd8  1/2-1/2

[Event "41st TCh-GRE"]
[Site "Rio (Achaia) GRE"]
[Date "2013.07.02"]
[Round "1.2"]
[White "Kapnisis,S"]
[Black "Markidis,K"]
[Result "1-0"]
[WhiteElo "2449"]
[BlackElo "2376"]

1.d4 e6 2.Nf3 Nf6 3.c4 Bb4+ 4.Nbd2 O-O 5.a3 Be7 6.e4 d5 7.e5 Nfd7 8.Bd3 c5
9.h4 h6 10.Bb1 Re8 11.Qc2 Nf8 12.dxc5 a5 13.Nf1 Na6 14.Bxh6 Nxc5 15.Ng3 g6
16.Qc1 dxc4 17.Qg5  1-0

[Event "IsBank TCh-TUR 2013"]
[Site "Denizli TUR"]
[Date "2013.07.03"]
[Round "5.4"]
[White "Yildiz,B"]
[Black "Isik,E"]
[Result "0-1"]
[WhiteElo "2285"]
[BlackElo "2215"]

1.d4 Nf6 2.c4 e6 3.Nf3 Bb4+ 4.Nbd2 O-O 5.a3 Bxd2+ 6.Qxd2 b6 7.e3 Bb7 8.Be2 d6
9.O-O Nbd7 10.b4 Ne4 11.Qc2 f5 12.Bb2 Rf6 13.d5 Rg6 14.Rfd1 Ng5 15.Nxg5 Qxg5
16.Bf1 e5 17.g3 Rf8 18.c5 Nf6 19.cxd6 cxd6 20.Qc7 Bc8 21.Qxd6 Ng4 22.Qc7 Qh5
23.h3 Nxe3 24.Qxe5 Nxd1 25.Be2 Qxh3 26.Rxd1 f4 27.Bf1 Qd7 28.d6 fxg3 29.fxg3 Bb7
30.Bc4+ Kh8 31.Bd5 Rxd6  0-1

[Event "4th AIMAG Women"]
[Site "Incheon KOR"]
[Date "2013.07.03"]
[Round "7.5"]
[White "Meenakshi,Sub"]
[Black "Nakhbayeva,G"]
[Result "0-1"]
[WhiteElo "2237"]
[BlackElo "2339"]

1.Nf3 Nf6 2.d4 e6 3.c4 Bb4+ 4.Nbd2 O-O 5.a3 Be7 6.e3 d5 7.b3 b6 8.Bd3 Bb7
9.O-O c5 10.Bb2 Nc6 11.dxc5 bxc5 12.cxd5 exd5 13.Rc1 Bd6 14.Qc2 h6 15.Rfd1 Qe7
16.Nf1 Qe6 17.Ng3 Rfd8 18.Bf5 Qe7 19.Bh3 g6 20.Re1 Ne4 21.Nxe4 dxe4 22.Nd2 f5
23.Nc4 Bc7 24.Qc3 Kh7 25.Red1 Ba6 26.Qf6 Bxc4 27.bxc4 Qxf6 28.Bxf6 Rd3 29.g4 Be5
30.Bxe5 Nxe5 31.gxf5 Rad8 32.Rxd3 exd3 33.fxg6+ Kxg6 34.Bf1 Kf5 35.f3 Nxf3+
36.Kf2 Ng5 37.Ra1 Ne4+ 38.Kf3 Nc3 39.e4+ Ke5 40.Ke3 d2 41.Be2 d1=Q  0-1

[Event "4th Kiryat Ono Open A"]
[Site "Kiryat Ono ISR"]
[Date "2013.07.03"]
[Round "4.4"]
[White "Kantsler,B"]
[Black "Soffer,R"]
[Result "1/2-1/2"]
[WhiteElo "2430"]
[BlackElo "2487"]

1.d4 Nf6 2.c4 e6 3.Nf3 Bb4+ 4.Nbd2 O-O 5.a3 Be7 6.g3 b6 7.Bg2 Bb7 8.O-O c5
9.b3 cxd4 10.Bb2 d3 11.exd3 d5 12.Qe2 Nbd7 13.b4 Re8 14.Rfe1 Bf8 15.Ne5 Nxe5
16.Bxe5 Rc8 17.Rac1 Nd7 18.Bb2 a5 19.Bc3 axb4 20.axb4 Ra8 21.Nb3 Nf6 22.Qb2 Be7
23.c5 Ba6 24.Bf1 bxc5 25.Nxc5 Bb5 26.Bd4 Qb8 27.Ra1 Rc8 28.Rxa8 Qxa8 29.Ra1 Qb8
30.Be5 Qb6 31.Bd4 Qb8 32.Be5 Qb6 33.Bd4  1/2-1/2

[Event "IsBank TCh-TUR 2013"]
[Site "Denizli TUR"]
[Date "2013.07.04"]
[Round "6.5"]
[White "Tsatsalashvili,K"]
[Black "Isik,E"]
[Result "1-0"]
[WhiteElo "2279"]
[BlackElo "2215"]

1.d4 Nf6 2.Nf3 e6 3.c4 Bb4+ 4.Nbd2 O-O 5.a3 Bxd2+ 6.Bxd2 b6 7.Bg5 Bb7 8.e3 d6
9.Be2 Nbd7 10.O-O h6 11.Bh4 Qe7 12.Nd2 e5 13.d5 e4 14.Bg4 g5 15.Bxd7 Nxd7
16.Bg3 a5 17.Nb3 a4 18.Nd4 Nc5 19.f4 exf3 20.Qxf3 Bc8 21.Nc6 Qe4 22.Qh5 Kg7
23.Rf6 Qh7 24.Raf1 Qg6 25.Qxg6+  1-0

[Event "36th Barbera Open"]
[Site "Barbera del Valles ESP"]
[Date "2013.07.05"]
[Round "2.26"]
[White "Pulvett,D"]
[Black "Saez Coma,Alejandro"]
[Result "1-0"]
[WhiteElo "2405"]
[BlackElo "2025"]

1.d4 Nf6 2.c4 e6 3.Nf3 Bb4+ 4.Nbd2 O-O 5.a3 Bxd2+ 6.Qxd2 d6 7.b4 Qe7 8.Bb2 Nbd7
9.e3 e5 10.Qc2 b6 11.Be2 Bb7 12.O-O h6 13.Rfd1 a5 14.Bc3 Ne4 15.Be1 axb4
16.axb4 Ng5 17.d5 Nxf3+ 18.Bxf3 f5 19.Rxa8 Bxa8 20.Ra1 g6 21.Ra7 Nf6 22.Qa2 Qd8
23.Bd1 Qb8 24.Bb3 Nd7 25.Bc3 Kg7 26.f4 Kf6 27.Ra3 Bb7 28.Ba4 Qc8 29.Bxd7 Qxd7
30.Ra7 Qc8 31.c5 bxc5 32.bxc5 Qb8 33.Ra3 Qd8 34.fxe5+ dxe5 35.Bxe5+ Kg5 36.c6 Bxc6
37.Bf4+ Kf6 38.Qa1+  1-0

[Event "6th ch-Cent SRB Int 2013"]
[Site "Paracin SRB"]
[Date "2013.07.06"]
[Round "2.9"]
[White "Drenchev,P"]
[Black "Brankovic,De"]
[Result "1-0"]
[WhiteElo "2483"]
[BlackElo "2359"]

1.d4 Nf6 2.c4 e6 3.Nf3 Bb4+ 4.Nbd2 b6 5.g3 Bb7 6.Bg2 a5 7.O-O O-O 8.Qc2 Bxd2
9.Bxd2 Be4 10.Qc3 Nc6 11.Rfd1 h6 12.b3 Qe7 13.Qb2 a4 14.Bc3 Nb4 15.Rdc1 axb3
16.axb3 c5 17.Qd2 d5 18.Rxa8 Rxa8 19.Bxb4 cxb4 20.c5 Bxf3 21.Bxf3 bxc5 22.dxc5 Qb7
23.Qd4 Qb5 24.c6 Rc8 25.Qa7 Qb8 26.Qe7 Rc7 27.Qd6 Qb6 28.h4 Kh7 29.Kg2 Ne8
30.Qf4 Nf6 31.g4 Rxc6 32.Rxc6 Qxc6 33.g5 hxg5 34.hxg5 Ne4 35.Qxf7 Qd6 36.Bg4 Qe5
37.f4 Qd4 38.Qh5+ Kg8  1-0

[Event "41st TCh-GRE"]
[Site "Rio (Achaia) GRE"]
[Date "2013.07.06"]
[Round "6.8"]
[White "Kosmas Lekkas,D"]
[Black "Tsakiris,H"]
[Result "0-1"]
[WhiteElo "2160"]
[BlackElo "2162"]

1.d4 e6 2.c4 Bb4+ 3.Nd2 Nf6 4.Nf3 O-O 5.a3 Be7 6.e4 d5 7.e5 Nfd7 8.Bd3 c5
9.h4 h6 10.Bb1 cxd4 11.cxd5 exd5 12.Nf1 Nc6 13.Bf4 Re8 14.Qd3 Nf8 15.Kd2 Qa5+
16.Kd1 Bd7 17.Ng3 Nb4 18.axb4 Qxa1 19.Nxd4 Qxb2 20.Ngf5 Bxb4 21.Bc2 Qa1+
22.Bc1 Qc3 23.Rh3 Qe1+  0-1

[Event "120th ch-SCO 2013"]
[Site "Helensburgh SCO"]
[Date "2013.07.07"]
[Round "2.21"]
[White "Oswald,D"]
[Black "Giulian,R"]
[Result "1-0"]
[WhiteElo "2055"]
[BlackElo "1872"]

1.d4 e6 2.c4 Nf6 3.Nf3 Bb4+ 4.Nbd2 O-O 5.g3 d5 6.Bg2 a5 7.O-O Be7 8.Re1 Na6
9.e4 dxe4 10.Nxe4 c5 11.Bf4 Nxe4 12.Rxe4 b6 13.Re2 Bb7 14.Rd2 Qc8 15.d5 exd5
16.cxd5 Bf6 17.Ne5 g5 18.Ng4 Bd4 19.Bxg5 f5 20.Nh6+ Kh8 21.Rxd4  1-0

[Event "41st TCh-GRE"]
[Site "Rio (Achaia) GRE"]
[Date "2013.07.07"]
[Round "7.4"]
[White "Ilandzis,S"]
[Black "Goumas,G"]
[Result "0-1"]
[WhiteElo "2162"]
[BlackElo "2380"]

1.d4 Nf6 2.c4 e6 3.Nf3 Bb4+ 4.Nbd2 O-O 5.a3 Be7 6.e4 d6 7.Bd3 Nbd7 8.e5 dxe5
9.dxe5 Ng4 10.O-O Ndxe5 11.Nxe5 Nxe5 12.Bxh7+ Kxh7 13.Qh5+ Kg8 14.Qxe5 Bd7
15.Ne4 f6 16.Qg3 Bc6 17.Bh6 Rf7 18.Rad1 Qf8 19.Rfe1 Rd8 20.Nc3 Bd6 21.Qg6 Rfd7
22.Rxe6 Qf7 23.Qf5 Bxh2+ 24.Kxh2 Rxd1 25.Nxd1 Bd7 26.Qd3 Qxe6 27.Bf4 Qf5
28.Qd4 Re8 29.Ne3 Qe4 30.Qxe4 Rxe4 31.Bxc7 Be6 32.c5 Kf7 33.g3 Ke7 34.Kg2 Kd7
35.Ba5 Kc6 36.Kf3 Re5 37.b4 Bb3 38.Bd8 Re8 39.Ba5 Re7 40.Nf5 Bd5+ 41.Kg4 Re4+
42.Kh3 Be6 43.g4 Bxf5 44.gxf5 b6 45.cxb6 axb6 46.b5+ Kxb5 47.Bd2 Ka4 48.Bc1 Rc4  0-1

[Event "120th ch-SCO 2013"]
[Site "Helensburgh SCO"]
[Date "2013.07.08"]
[Round "3.1"]
[White "Hera,I"]
[Black "Barnaure,V"]
[Result "1/2-1/2"]
[WhiteElo "2558"]
[BlackElo "2503"]

1.d4 Nf6 2.c4 e6 3.Nf3 Bb4+ 4.Nbd2 d5 5.Qa4+ Nc6 6.a3 Bxd2+ 7.Bxd2 Ne4 8.Rd1 O-O
9.e3 Bd7 10.Qc2 Be8 11.b4 a6 12.Bd3 f5 13.b5 axb5 14.cxb5 Nxd2 15.Rxd2 Ne7
16.a4 c6 17.O-O cxb5 18.axb5 Ra5 19.Qb2 Qd6 20.h3 Bd7 21.Rc2 b6 22.Ne5 Rfa8
23.Rfc1 R5a7 24.Bf1 Be8 25.Nc6 Bxc6 26.bxc6 Rb8 27.f3 h6 28.Bb5 Rc7 29.f4 Ra8
30.Rc3 Nc8 31.Bd3 Qe7 32.R3c2 Kf7 33.Rc3 g6 34.Kh2 h5 35.g3 Ra5 36.R1c2 Ra8
37.h4 Ra5 38.Kh3 Ra8 39.Kg2 Ra5 40.Kf3 Ra8 41.Ke2 Ra5 42.Qb3 Ra8 43.Kf3  1/2-1/2

[Event "6th ch-Cent SRB Int 2013"]
[Site "Paracin SRB"]
[Date "2013.07.09"]
[Round "6.8"]
[White "Olszewski,Mi"]
[Black "Maksimovic,Br"]
[Result "1-0"]
[WhiteElo "2551"]
[BlackElo "2423"]

1.Nf3 Nf6 2.c4 e6 3.d4 Bb4+ 4.Nbd2 O-O 5.a3 Be7 6.e3 d5 7.Bd3 b6 8.O-O c5
9.b3 cxd4 10.exd4 Nc6 11.Bb2 Bb7 12.Qe2 Re8 13.Rac1 Bf8 14.Rfd1 Rc8 15.Bc2 Qc7
16.Nf1 Ba6 17.Ne3 Qb7 18.Ne5 dxc4 19.bxc4 b5 20.d5 Nxe5 21.Bxe5 Nd7 22.Bc3 e5
23.Rb1 Qc7 24.d6 Qd8 25.Bf5 g6 26.Ba5 Qxa5 27.Bxd7 bxc4 28.Nd5 c3 29.Qc2 Red8
30.Bxc8 Bxc8 31.d7 Ba6 32.Nxc3 Bc5 33.Nb5 Bb6 34.a4 Bb7 35.Nd6 Ba6 36.Nb5 Bb7
37.Qb3 Ba8 38.Rbc1 Qa6 39.Nd6 Rxd7 40.Rc8+ Bd8 41.Rxd8+  1-0

[Event "3rd SPAChess Open"]
[Site "Amsterdam NED"]
[Date "2013.07.10"]
[Round "5.12"]
[White "Miedema,D"]
[Black "Sanijs,F"]
[Result "1-0"]
[WhiteElo "2394"]
[BlackElo "2042"]

1.d4 Nf6 2.c4 e6 3.Nf3 Bb4+ 4.Nbd2 d5 5.a3 Be7 6.g3 O-O 7.Bg2 b6 8.cxd5 exd5
9.b4 Bb7 10.O-O Nbd7 11.Bb2 Re8 12.Rc1 Bd6 13.Nh4 a6 14.Nf5 Bf8 15.Nc4 g6
16.Nfe3 Bh6 17.Ne5 Ne4 18.f4 Nxe5 19.dxe5 Rc8 20.Bh3 Rb8 21.e6 c5 22.Ng4 Bg7
23.Bxg7 Kxg7 24.exf7 Kxf7 25.Ne5+ Kg7 26.bxc5 bxc5 27.Bg2 Qe7 28.Bxe4 dxe4
29.Qc2 Rbc8 30.Qc3 Kg8 31.Ng4  1-0

[Event "33rd Benasque Open"]
[Site "Benasque ESP"]
[Date "2013.07.13"]
[Round "10.7"]
[White "Zoler,D"]
[Black "Neelotpal,D"]
[Result "1-0"]
[WhiteElo "2538"]
[BlackElo "2445"]

1.d4 Nf6 2.c4 e6 3.Nf3 Bb4+ 4.Nbd2 O-O 5.a3 Be7 6.g3 b6 7.Bg2 Bb7 8.Qc2 d5
9.cxd5 exd5 10.O-O c5 11.b3 Nbd7 12.Bb2 Rc8 13.Rac1 Ne4 14.dxc5 Ndxc5 15.b4 Ne6
16.Qb1 Rxc1 17.Rxc1 Qa8 18.Nb3 a5 19.Nbd4 Nxd4 20.Bxd4 axb4 21.axb4 Rc8 22.Rxc8+ Qxc8
23.Qb2 Bf6 24.Bxf6 Nxf6 25.Nd4 Ne4 26.Bxe4 dxe4 27.e3 g6 28.Kg2 Bd5 29.b5 h5
30.h4 Qc5 31.Qa1 Kh7 32.Qa7 Qd6 33.Nc6 Bc4 34.Nd4 Kg7 35.Qb7 Bd3 36.Qc8 Qb4
37.Qc7 Qb1 38.Qe5+ Kg8 39.Qe8+ Kg7 40.Qe5+ Kg8 41.Kh2 Qb2 42.Qe8+ Kg7 43.Kg2 Qb1
44.Qe5+ Kg8 45.Qb8+ Kg7 46.Kh2 Qb2 47.Qf4 Kg8 48.g4 hxg4 49.h5 gxh5 50.Qg5+ Kf8
51.Qd8+ Kg7 52.Qg5+ Kf8 53.Qh6+ Kg8 54.Kg3 Qc1 55.Qg5+ Kf8 56.Qd8+ Kg7 57.Nf5+ Kh7
58.Qf6 h4+ 59.Kf4  1-0

[Event "Styrian Open A 2013"]
[Site "Bad Gleichenberg AUT"]
[Date "2013.07.14"]
[Round "9.5"]
[White "Chatalbashev,B"]
[Black "Tratar,M"]
[Result "0-1"]
[WhiteElo "2560"]
[BlackElo "2495"]

1.d4 e6 2.c4 Bb4+ 3.Nd2 Nf6 4.Nf3 O-O 5.a3 Be7 6.e4 d6 7.Bd3 e5 8.d5 a5 9.O-O Nbd7
10.b3 Nh5 11.Bc2 g6 12.Rb1 Ng7 13.b4 f5 14.exf5 gxf5 15.Nb3 axb4 16.axb4 Nf6
17.Ng5 Ng4 18.f4 Bxg5 19.fxg5 f4 20.h3 Ne3 21.Bxe3 fxe3 22.Rxf8+ Qxf8 23.Qe2 Bf5
24.Bxf5 Qxf5 25.Rf1 Qxg5 26.Qf3 Nh5 27.Na5 e2 28.Re1 Nf4 29.Qg4 Qxg4 30.hxg4 b6
31.Nb3 Ra3 32.Nd2 Ra2 33.Nf3 Nd3 34.Rb1 e4 35.Ne1 Rd2  0-1

[Event "17th Battle of Senta"]
[Site "Senta SRB"]
[Date "2013.07.14"]
[Round "3.13"]
[White "Vranic,L"]
[Black "Korponai,Akos"]
[Result "1-0"]
[WhiteElo "2225"]
[BlackElo "1786"]

1.d4 Nf6 2.c4 e6 3.Nf3 Bb4+ 4.Nbd2 b6 5.Qb3 Qe7 6.a3 Bxd2+ 7.Nxd2 Bb7 8.Qg3 d6
9.Qxg7 Rg8 10.Qh6 Bxg2 11.Rg1 Rg6 12.Qe3 Bb7 13.Rxg6 hxg6 14.b4 Nbd7 15.Bb2 c5
16.Qh3 O-O-O 17.Bg2 Bxg2 18.Qxg2 Kb8 19.Rb1 e5 20.bxc5 dxc5 21.dxe5 Nxe5
22.Qg3 Re8 23.Nf3 Nd7 24.Kf1 Kb7 25.Nxe5 Nxe5 26.Qg2+ Nc6 27.Qf3 Qe4 28.Rd1 Qxf3
29.exf3 Kc7 30.Bc3 Ne5 31.Re1  1-0

[Event "2nd Ideon Andron Open 2013"]
[Site "Anogia GRE"]
[Date "2013.07.17"]
[Round "9.1"]
[White "Maiorov,N1"]
[Black "Markidis,K"]
[Result "1/2-1/2"]
[WhiteElo "2538"]
[BlackElo "2376"]

1.d4 e6 2.c4 Bb4+ 3.Nd2 Nf6 4.Nf3 O-O 5.e3 b6 6.Bd3 Bb7 7.O-O d5 8.a3 Be7
9.b3 Nbd7 10.Bb2 a6  1/2-1/2

[Event "Horsens Lang Weekend 2013"]
[Site "Horsens DEN"]
[Date "2013.07.18"]
[Round "2.13"]
[White "Rasmussen,Kar"]
[Black "Bonnelykke,O"]
[Result "1-0"]
[WhiteElo "2425"]
[BlackElo "2058"]

1.d4 Nf6 2.Nf3 e6 3.c4 Bb4+ 4.Nbd2 O-O 5.g3 d5 6.Bg2 c5 7.dxc5 Na6 8.O-O Nxc5
9.a3 Bxd2 10.Bxd2 Bd7 11.Bb4 Ba4 12.Qe1 Rc8 13.Rc1 b6 14.cxd5 exd5 15.Qd2 a5
16.Bxc5 bxc5 17.Bh3 Rb8 18.Qf4 c4 19.Qd2 Qb6 20.Rb1 Rfd8 21.Bf5 Ne4 22.Qc1 Bb3
23.Ra1 g6 24.Bxe4 dxe4 25.Ng5 Qd4 26.Qf4 Rb7 27.Qh4 h5 28.e3 Qf6 29.Qxe4 Re7
30.Qh4 Rd5 31.Nf3 Qxh4 32.gxh4 Re4 33.h3 Rf5 34.Kg2 Ba4 35.Nd4 Rf6 36.Kg3 g5
37.hxg5 h4+ 38.Kh2 Rb6 39.Rab1 Bb3 40.Nxb3 Rxb3 41.Rfc1 Rb5 42.Rc3 Rxg5 43.Rbc1 Rb5
44.Rxc4  1-0